Curso de religión y moral : texto aprobado por la Sagrada Congregación del Concilio
Gespeichert in:
| 1. Verfasser: | |
|---|---|
| Weitere Verfasser: | |
| Format: | Buch |
| Sprache: | Spanisch Italienisch |
| Erschienen: |
Barcelona :
Editorial Liturgica Española, S.A
1934
|
| Ausgabe: | Segunda Edición |
| Katalog: | MANES: Suchergebnis im Bibliothekskatalog |
| Schulbuchspezifische Eigenschaften: |
|
| Tags: |
Tag hinzufügen
Keine Tags, Fügen Sie den ersten Tag hinzu!
|
| Hinzugefügt zu: | 10.04.2019 |
| Geändert in: | 07.05.2025 |
MARC
| LEADER | 00000cam a2200000 i 4500 | ||
|---|---|---|---|
| 003 | ES-BaCBU | ||
| 005 | 20250507130112.0 | ||
| 008 | 181611s1934 spc||||b |||| 0|| 0 spa|c | ||
| 040 | |a Es-BaCBU |b cat |e rda |c Es-BaCBU |d ES-BaUB | ||
| 041 | 1 | |a spa |h ita | |
| 100 | 1 | |a Bonatto, Giulio, |e autor |9 27681 | |
| 240 | 1 | 0 | |a Fede, morale e grazia. |l Castellà |
| 245 | 1 | 0 | |a Curso de religión y moral : |b texto aprobado por la Sagrada Congregación del Concilio / |c Julio Bonatto (Canónigo) ; traduccion del Rdo. D. Cipriano Montserrat, Pbro. (Doctor en Filosofía y en Sagrada Teología) |
| 250 | |a Segunda Edición | ||
| 264 | 1 | |a Barcelona : |b Editorial Liturgica Española, S.A., |c 1934 | |
| 300 | |a VII, 582 pàgines ; |c 19 cm | ||
| 336 | |a text |b txt |2 rdacontent | ||
| 337 | |a sense mediació |b n |2 rdamedia | ||
| 338 | |a volum |b nc |2 rdacarrier | ||
| 546 | |a España | ||
| 561 | |5 es-CRAI |3 p2 R TEXT 2 318 |a España. Biblioteca Universitat de Barcelona |k MANES | ||
| 690 | 0 | |a RyM | |
| 691 | 0 | |a PRI | |
| 700 | 1 | |a Montserrat, Cipriano, |d 1886-1962, |e traductor |9 27682 | |
| 856 | |y Registro en Cercabib - CRAI | ||
| 940 | |a BAB | ||
| 942 | |2 ddc |c BK | ||
| 949 | |f Donació: Conrad Vilanou |d 0701764325 | ||
| 999 | |c 87254 |d 87254 | ||
| 999 | |c manes:87254 |d 87254 | ||